Измерение формы импульса нейтронов периодического импульсного реактора ИБР-2 в широком диапазоне измерения мощности импульса; Приборы и техника эксперимента; № 2

Podrobná bibliografie
Parent link:Приборы и техника эксперимента/ Российская академия наук.— , 1956-.— 0032-8162
№ 2.— 2003.— с. 5-11
Další autoři: Уваров Н. А., Галкин А. В., Григоренко А. В., Горбачёв В. М., Шалата Ф. Г., Майорникова В. Л., Майорников В. С., Аблесимов В. Е., Глушихин В. В., Пепелышев Ю. Н., Рогов А. Ф.
Jazyk:ruština
Vydáno: 2003
Edice:Техника ядерного эксперимента
Témata:
Médium: MixedMaterials Kapitola
KOHA link:https://koha.lib.tpu.ru/cgi-bin/koha/opac-detail.pl?biblionumber=427138

MARC

LEADER 00000naa2a2200000 4500
001 427138
005 20231101074625.0
035 |a (RuTPU)RU\TPU\prd\86262 
035 |a RU\TPU\prd\13247 
090 |a 427138 
100 |a 20100903a2003 k y0rusy50 ca 
101 0 |a rus 
102 |a RU 
200 1 |a Измерение формы импульса нейтронов периодического импульсного реактора ИБР-2 в широком диапазоне измерения мощности импульса  |f Н. А. Уваров, А. В. Галкин, А. В. Григоренко и др. 
225 1 |a Техника ядерного эксперимента 
320 |a Библиогр.: 19 назв. 
461 1 |0 (RuTPU)RU\TPU\prd\300  |x 0032-8162  |t Приборы и техника эксперимента  |f Российская академия наук  |d 1956- 
463 1 |0 (RuTPU)RU\TPU\prd\86261  |t № 2  |v с. 5-11  |d 2003 
610 1 |a импульсы 
610 1 |a измерения 
610 1 |a нейроны 
610 1 |a импульсные реакторы 
610 1 |a периодические реакторы 
610 1 |a мощность импульса 
675 |a 539.074.3  |v 3 
701 1 |a Уваров  |b Н. А. 
701 1 |a Галкин  |b А. В. 
701 1 |a Григоренко  |b А. В. 
701 1 |a Горбачёв  |b В. М. 
701 1 |a Шалата  |b Ф. Г. 
701 1 |a Майорникова  |b В. Л. 
701 1 |a Майорников  |b В. С. 
701 1 |a Аблесимов  |b В. Е. 
701 1 |a Глушихин  |b В. В. 
701 1 |a Пепелышев  |b Ю. Н. 
701 1 |a Рогов  |b А. Ф. 
801 1 |a RU  |b 63413507  |c 20030430  |g PSBO 
801 2 |a RU  |b 63413507  |c 20100903  |g RCR 
942 |c BK